[Event "Mittelrhein Verbandsliga-M 15/16"]
[Site "Nordrheinwestfalen"]
[Date "2015.10.18"]
[Round "3.1"]
[White "Tendick, Frank"]
[Black "Lambertz, Michael"]
[Result "1-0"]
[WhiteElo "2066"]
[BlackElo "1973"]
[PlyCount "89"]
[EventDate "2015.09.06"]
[EventType "team-tourn"]
[EventRounds "11"]
[EventCountry "GER"]
[SourceTitle "EXT 2022"]
[Source "ChessBase"]
[SourceDate "2021.10.06"]
[SourceVersion "1"]
[SourceVersionDate "2021.10.06"]
[SourceQuality "1"]
[WhiteTeam "Dormagen SV"]
[BlackTeam "Esch SF"]
[WhiteTeamCountry "GER"]
[BlackTeamCountry "GER"]

1. d4 Nf6 2. Nc3 d5 3. Bg5 e6 4. e4 dxe4 5. Bxf6 Qxf6 6. Nxe4 Qd8 7. Nf3 Bd7 8. Bd3 Bc6 9. Qe2 Nd7 10. 0-0-0 Nf6 11. Bb5 Nxe4 12. Bxc6+ bxc6 13. Qxe4 Qd5 14. Rhe1 Bd6 15. Ne5 0-0 16. Kb1 Qxe4 17. Rxe4 c5 18. d5 exd5 19. Rxd5 Rfe8 20. Re3 Re6 21. Nc4 Rxe3 22. Nxe3 Re8 23. g3 g6 24. Kc1 Re6 25. Kd2 Rf6 26. f4 Re6 27. Rd3 Be7 28. Nd5 Bd6 29. Ra3 c6 30. Ne3 Re7 31. Nc4 Bc7 32. Ra6 Re4 33. Ne3 Bb6 34. b3 Rd4+ 35. Ke2 Re4 36. Kf3 Rb4 37. Nc4 f5 38. a3 Rb5 39. a4 Rb4 40. a5 Bd8 41. Rxa7 Bf6 42. Rc7 Bd4 43. a6 Rb8 44. a7 Ra8 45. Nb6 1-0

[Event "Duisburg Grossenbaum op"]
[Site "Duisburg"]
[Date "2006.07.02"]
[Round "6"]
[White "Tendick, Frank"]
[Black "Volkov, Mykyta"]
[Result "1-0"]
[WhiteElo "2090"]
[BlackElo "1939"]
[PlyCount "45"]
[EventDate "2006.06.02"]
[EventType "swiss"]
[EventRounds "7"]
[EventCountry "GER"]
[SourceTitle "EXT 2007"]
[Source "ChessBase"]
[SourceDate "2006.11.23"]
[SourceVersion "1"]
[SourceVersionDate "2006.11.23"]
[SourceQuality "1"]

1. e4 e6 2. d4 d5 3. Nc3 Bb4 4. e5 c5 5. a3 Bxc3+ 6. bxc3 Ne7 7. Nf3 Nbc6 8. a4 Qa5 9. Qd2 Bd7 10. Be2 0-0-0 11. Ba3 c4 12. 0-0 f6 13. Rfb1 Rde8 14. Rb2 fxe5 15. dxe5 Nd8 16. Bb4 Qa6 17. Nd4 Rhg8 18. Rab1 Nf5 19. Nxf5 exf5 20. Qxd5 Bc6 21. Qxc4 Qxc4 22. Bxc4 Rh8 23. Bd6 1-0

[Event "Duisburg Grossenbaum op"]
[Site "Duisburg"]
[Date "2006.06.11"]
[Round "5"]
[White "Becker, Marcel"]
[Black "Tendick, Frank"]
[Result "1-0"]
[WhiteElo "2329"]
[BlackElo "2090"]
[PlyCount "55"]
[EventDate "2006.06.02"]
[EventType "swiss"]
[EventRounds "7"]
[EventCountry "GER"]
[SourceTitle "EXT 2007"]
[Source "ChessBase"]
[SourceDate "2006.11.23"]
[SourceVersion "1"]
[SourceVersionDate "2006.11.23"]
[SourceQuality "1"]

1. d4 Nf6 2. c4 g6 3. Nc3 Bg7 4. e4 d6 5. Nf3 0-0 6. h3 Nbd7 7. Bg5 h6 8. Be3 e5 9. d5 Ne8 10. Qd2 Kh7 11. g4 a5 12. g5 h5 13. Be2 Nc5 14. 0-0-0 c6 15. Nh4 b5 16. dxc6 b4 17. Nd5 Nxe4 18. Qc2 Nxf2 19. Bxf2 Qxg5+ 20. Kb1 Ra6 21. Rhg1 Qd8 22. Bxh5 Rxc6 23. Bg4 Bxg4 24. hxg4 Rh8 25. g5 Qd7 26. Qe4 Kg8 27. Ne7+ Qxe7 28. Qxc6 1-0

[Event "Duisburg Grossenbaum op"]
[Site "Duisburg"]
[Date "2005.05.15"]
[Round "4"]
[White "Tendick, Frank"]
[Black "Eiersbrock, Robin"]
[Result "0-1"]
[WhiteElo "2084"]
[BlackElo "1760"]
[PlyCount "32"]
[EventDate "2005.05.13"]
[EventType "swiss"]
[EventRounds "7"]
[EventCountry "GER"]
[SourceTitle "EXT 2006"]
[Source "ChessBase"]
[SourceDate "2005.11.24"]
[SourceVersion "1"]
[SourceVersionDate "2005.11.24"]
[SourceQuality "1"]

1. d4 d5 2. Nc3 Nf6 3. Bg5 e6 4. e4 Be7 5. e5 Nfd7 6. h4 c5 7. Nb5 0-0 8. Bxe7 Qxe7 9. Nc7 cxd4 10. Nxa8 Nxe5 11. Nf3 Nxf3+ 12. gxf3 e5 13. Qd2 Bf5 14. 0-0-0 Rc8 15. Bd3 e4 16. Qf4 exd3 0-1

[Event "Duisburg Grossenbaum op"]
[Site "Duisburg"]
[Date "2005.05.14"]
[Round "2"]
[White "Tendick, Frank"]
[Black "Meins, Gerlef"]
[Result "0-1"]
[WhiteElo "2084"]
[BlackElo "2452"]
[PlyCount "52"]
[EventDate "2005.05.13"]
[EventType "swiss"]
[EventRounds "7"]
[EventCountry "GER"]
[SourceTitle "EXT 2006"]
[Source "ChessBase"]
[SourceDate "2005.11.24"]
[SourceVersion "1"]
[SourceVersionDate "2005.11.24"]
[SourceQuality "1"]

1. d4 d5 2. Nc3 Nf6 3. Bg5 Bf5 4. f3 c6 5. e4 dxe4 6. Bxf6 exf6 7. fxe4 Bg6 8. Be2 Bb4 9. Bf3 c5 10. dxc5 Bxc3+ 11. bxc3 Qa5 12. Ne2 Nd7 13. e5 Nxe5 14. Bxb7 Rd8 15. Qb1 Qxc5 16. Qb4 Qxb4 17. cxb4 Rb8 18. Bd5 Rxb4 19. c3 Rb2 20. Nf4 0-0 21. 0-0 Rc8 22. Nxg6 hxg6 23. Rac1 Nd3 24. Rcd1 Rxc3 25. Rf3 Nc1 26. Rf4 Ne2+ 0-1

[Event "Duisburg Grossenbaum op"]
[Site "Duisburg"]
[Date "2004.05.29"]
[Round "3"]
[White "Tendick, Frank"]
[Black "Feldhaus, Sebastian"]
[Result "1-0"]
[WhiteElo "2092"]
[BlackElo "1621"]
[PlyCount "37"]
[EventDate "2004.05.28"]
[EventType "swiss"]
[EventRounds "7"]
[EventCountry "GER"]
[SourceTitle "EXT 2006"]
[Source "ChessBase"]
[SourceDate "2005.11.24"]
[SourceVersion "1"]
[SourceVersionDate "2005.11.24"]
[SourceQuality "1"]

1. e4 Nc6 2. Nc3 Nf6 3. f4 d6 4. Nf3 e5 5. Bc4 Bg4 6. Bb5 exf4 7. d4 d5 8. exd5 Nxd5 9. Qe2+ Be7 10. Nxd5 Qxd5 11. Bxc6+ Qxc6 12. 0-0 Bxf3 13. Rxf3 Qd7 14. Bxf4 Qxd4+ 15. Kh1 Qd7 16. Rd1 Qg4 17. Re1 Qh4 18. Bg3 Qg5 19. Rf5 1-0